| 000 | 00608nam a2200193 ar4500 | ||
|---|---|---|---|
| 001 | 3208 | ||
| 005 | 20221127090712.0 | ||
| 008 | 130413s xxu 00110|eng d | ||
| 020 | _a9780307956323(pbk) | ||
| 082 | 0 | 4 |
_a658.8343 _bL645 2011 |
| 100 | 1 | _aLindstrom, Martin. | |
| 245 | 1 | 0 |
_aBrandwashed : _btricks companies use to manipulate our minds ... / _cMartin Lindstrom. |
| 260 |
_aNew York : _bCrown Business, _c2011. |
||
| 300 |
_axi, 291 p. ; _c24 cm. |
||
| 504 | _aIncludes bibl. references and index. | ||
| 650 | 4 | _aMarketing research. | |
| 650 | 4 | _aConsumer behavior. | |
| 650 | 4 | _aBrand name products. | |
| 999 |
_c3206 _d3206 |
||